000 00537nam a22001817a 4500
003 OSt
005 20160907101846.0
008 160113b xxu||||| |||| 00| 0 eng d
020 _a978003960581
040 _cLIC
082 _2[2006]
_aDK12 507
_bIn61
245 _aIntegrated science:
_benergy and energy resources/
260 _aUSA:
_bHolt, Rinehart and Winston,
_c[c2006]
300 _a104 pages:
_billustrations;
_c27 cm.
440 _91615
_aHolt Science and Technology
650 0 _91616
_aScience
_xStudy and teaching
942 _2ddc
_cDC
999 _c609
_d609